00361nam a2200133Ia 4500008004100000041000800041082001700049100001800066245004500084250001400129260004200143300003300185365000900218240624s9999 xx 000 0 und d aeng a332.6457 CHA aCHAPLIN GEOFF aCREDIT DERIVATIVES TRADING INVESTING AND a(2nd ed.) c2010aNew JerseybJohn Wiley and Sons axviii, : 376 : p. : cm. ; 25 cb27